| 000 | 00508nam a2200169 a 4500 | ||
|---|---|---|---|
| 005 | 20140412111222.0 | ||
| 008 | 001118s19uu xx 00 eng d | ||
| 050 |
_aER _bLe55 |
||
| 100 | _aCosgrove, Stephen | ||
| 245 |
_aLeo the lop / _cStephen Cosgrove ; illustrated by Robin James. |
||
| 260 |
_aU. S. A : _bPrice Stern Sloan Pub, _c1977. |
||
| 300 | _a1 v. (unp.) ; col. ; ill. | ||
| 440 | _aA Serendipity Book | ||
| 650 | _aIndividuality -- Fiction | ||
| 650 | _aRabbits -- Fiction | ||
| 999 |
_c101940 _d101940 |
||